000 00766cam a22002775a 4500
001 58992
003 CO-BoRNBP
005 20250901214418.0
007 ta
008 050421s2005 ve a j 000 j spa u
020 _a9802572136
040 _aCO-BoBN
_bspa
_cCO-BoBN
041 _aspa
_hfre
082 0 4 _a843.914
_220
100 1 _aKoechlin, Lionel
_964586
245 1 3 _aLos ojos de mamá /
_cLionel Koechlin
250 _a3a. ed.
300 _a[24] p. :
_bil. ;
_c20 cm
336 _2rdacontent
_atexto
_btxt
337 _2rdamedia
_asin mediación
_bn
338 _2rdacarrier
_avolumen
_bnc
650 2 9 _aLibros y lectura para niños
_2LEMB
_92366
655 1 9 _aCuentos infantiles franceses
_964587
655 2 9 _aLiteratura infantil
_964588
942 _2ddc
_cBK
999 _c58992
_d58992